000 00454nam a22001817a 4500
003 MPLRDC
005 20220104123428.0
008 210129b ||||| |||| 00| 0 eng d
082 _a413.92 SHBK v.7
100 _a浪越彻等著
245 _a指压按摩健康法
_c高淑华编译
250 _a初版
260 _a
_b文大书局
_c1986
300 _b
490 _a生活百科. 7
650 _a推拿; 按摩
942 _cBK
_o413.92 SHBK v.7
999 _c11351
_d11341